Statistics for psychology / (Record no. 52536)

MARC details
000 -LEADER
fixed length control field 00577nam a2200229Ia 4500
005 - DATE AND TIME OF LATEST TRANSACTION
control field 20260429112133.0
008 - FIXED-LENGTH DATA ELEMENTS--GENERAL INFORMATION
fixed length control field 260429s9999||||xx |||||||||||||| ||und||
020 ## - INTERNATIONAL STANDARD BOOK NUMBER
International Standard Book Number 9789367130643
041 ## - LANGUAGE CODE
Language English
082 ## - DEWEY DECIMAL CLASSIFICATION NUMBER
Classification number 150.727
Item number ARO
100 ## - MAIN ENTRY--PERSONAL NAME
Personal name Aron, Arthur
245 #0 - TITLE STATEMENT
Title Statistics for psychology /
Statement of responsibility, etc Arthur Aron
250 ## - EDITION STATEMENT
Edition statement 7th ed.
260 ## - PUBLICATION, DISTRIBUTION, ETC. (IMPRINT)
Place of publication, distribution, etc Noida :
Name of publisher, distributor, etc Pearson,
Date of publication, distribution, etc 2026.
300 ## - PHYSICAL DESCRIPTION
Extent xiv, 673 p.; pbk
650 ## - SUBJECT ADDED ENTRY--TOPICAL TERM
Topical term or geographic name as entry element Statistics
650 ## - SUBJECT ADDED ENTRY--TOPICAL TERM
Topical term or geographic name as entry element Psychology
700 ## - ADDED ENTRY--PERSONAL NAME
Personal name Aron, Elaine N.
700 ## - ADDED ENTRY--PERSONAL NAME
Personal name Cooley, Erin
700 ## - ADDED ENTRY--PERSONAL NAME
Personal name Coups, Elliot J.
942 ## - ADDED ENTRY ELEMENTS (KOHA)
Koha item type Text Books
Holdings
Withdrawn status Lost status Damaged status Not for loan Collection code Home library Location Shelving location Date of Cataloging Source of acquisition Total Checkouts Full call number Barcode Date last seen Price effective from Koha item type
        Non-fiction CUTN Central Library CUTN Central Library Philosophy & psychology 29/04/2026 TBH Library Book Suppliers, Chennai - Invoice No. SINV00732 on 09-02-2026   150.727 ARO 57635 29/04/2026 29/04/2026 Text Books